000 00674nam a22002297a 4500
003 OSt
005 20250625041915.0
008 250625b |||||||| |||| 00| 0 eng d
020 _a978-971-5183-932
040 _aDWCL - Main lib
_cOC
082 _aFil. 843.7 H895l 2010
100 _aHugo, Victor
245 _aLes Mi'serable/
_cVictor Hugo
260 _aQuezon City, Philippines :
_bLampara publishing house inc.,
_c c2010.
300 _a128 pages :
_b illustrations;
_c19cm.
504 _aIncludes glossary
650 _a1. France
650 _a2. France-- Paris
650 _a3. Manners and Customs
650 _a4. Orphans
942 _2ddc
_cBK - FIL
_kFil.
_n0
999 _c3269
_d3269